000 00826nam a2200229Ia 4500
001 10153
003 GE_BSU
008 181216s||||||||xx |||||||||||||| ||und||
040 _cGE_BSU
080 _a821.353.1–1+821.353.1-11
100 _aსულაბერიძე,ლადო
245 _aპატარა ზღვები
245 _bლექსები და პოემები.
245 _cრედ.ო.შალამბერიძე.მხატვ.ირ.ჯანაშვილი
260 _aთბილისი
260 _bლიტერატურა და ხელოვნება
260 _c1966
300 _a115გვ.16სმ.
653 _aლექსები და პოემები.
653 _aპატარა ზღვები
942 _cBK
999 _c43423
_d43423